| 000 | nam a22 a 4500 | ||
|---|---|---|---|
| 999 |
_c4457 _d4457 |
||
| 003 | AKMAL | ||
| 005 | 20170530103803.0 | ||
| 008 | 170530s1996 my 00 may d | ||
| 020 |
_a9678907348 (kkt.): _cRM 17.50 |
||
| 040 | _cAKMAL | ||
| 082 | 0 | 4 | _a340.59502 AKT |
| 090 |
_a343.59502 _bAKT |
||
| 110 | 1 |
_aMalaysia _9400 |
|
| 240 | 1 | 0 | _aAkta Perikanan 1985 |
| 245 | 1 | 0 |
_aAkta Perikanan 1985 (Akta 317) & Fisheries Act 1985 (Act 317) : _b(hingga 31hb Januari 1996) / _cdisusun oleh Lembaga Penyelidikan Undang-Undang |
| 260 |
_aKuala Lumpur : _bInternational Law Book Services, _c1996 |
||
| 300 |
_a105ms. ; _c24cm |
||
| 440 | 0 |
_aUNDANG-UNDANG MALAYSIA _98641 |
|
| 500 | _aTeks sejajar bahasa Malaysia dan Inggeris | ||
| 650 |
_aFishery law and legislation _zMalaysia _98642 |
||
| 740 | 2 | _aFisheries Act 1985 (Act 317) | |
| 942 |
_2ddc _cBOOK |
||